000 00753nam a2200241Ia 4500
003 OSt
005 20220928133357.0
006 a|||||r|||| 00| 0
007 ta
008 220927b |||||||| |||| 00| 0 eng d
020 _c499
024 _a107529
037 _b700, 18/05/2010, Pioneer Book Distributors
_cVideo
040 _aSDCL
_cSDCL
_beng
041 _2eng
_aeng
082 _aNW3,NCF,1, Q0 ILLL
100 _aCoppola Francis Ford
_9485452
245 0 _aGodfather.(CD).
260 _aMumbai
_bBIG music and home entertainment
_c2010
650 _aInstitute of Life Long Learning
942 _hNW3,NCF,1, Q0 ILLL
_cAUD
_2CC
999 _c799413
_d799413